000 00690nam a22002177a 4500
005 20150626164557.0
010 _aENG-112858
020 _c395.00
_a9789350351239
035 _aEN-96390
037 _bDBAD/PUB
082 _a344.54021
100 _aKumar, H.L.
245 _aPractical guide to employee's compensation :
_cby H.L. Kumar [and] Gaurav Kumar
_bact & rules /
250 _a6th ed
260 _aNew Delhi
_bUniversal Law Publishing
_c2012
270 _aC-FF-1A, Dilkhush Industrial Estate, G.T. Karnal Road,
_bDelhi
_e110033
300 _axl,306p.
_c24cm(pbk)
500 _aIncludes index
700 _aGaurav Kumar
942 _2ddc
_cEN
_mKUM
_h344.54021
999 _c93304
_d93304